书目信息 |
| 书名: | The social fabroc | |
| 作者: | John H.Cary. | |
| 分册号: | ||
| 分册名: | 出版地: | New York : |
|
| 出版社: | Harper Collins College Pub | |
| 出版时间: | 1995. | |
| 页数: | 326 p. ; | |
| 开本: | 26cm. | |
| 丛书名: | ||
| 中图分类号: | ||
| 科图分类号: | ||
| 其他分类号: | K712 | |
| 主题词: | ||
| 电子资源: | ||
| 000 | 00449nam 2200157 a 4500 | |
| 001 | E0233536056 | |
| 005 | 2002051509185602 | |
| 008 | 020515s1995 00010 eng | |
| 020 | @a0-673-52391-8. | |
| 040 | @aPFT@beng | |
| 090 | @aK712 | |
| 099 | @dK712@eC332 | |
| 245 | @aThe social fabroc :@bAmerican life from 1607 to 1877 / @cJohn H.Cary.@nVo.1. | |
| 250 | @a7th ed. | |
| 260 | @aNew York :@bHarper Collins College Pub.,@c1995. | |
| 300 | @a326 p. ;@c26cm. | |
| The social fabroc : : American life from 1607 to 1877 / / John H.Cary.. Vo.1.-7th ed.-New York : : Harper Collins College Pub., , 1995. |
| 326 p. ; ; 26cm. |
| ISBN 0-673-52391-8. |
| ● |
| 相关链接 |
|
|
|
正题名:The social fabroc
索取号:K712/C332
 
预约/预借
| 序号 | 登录号 | 条形码 | 馆藏地/架位号 | 状态 | 备注 |
| 1 | 03691 | 300036912 | 社科库309/309社科库 995排1列1层/ [索取号:K712/C332] | 在馆 | |
| 2 | 03782 | 300037822 | 社科库309/309社科库 995排1列1层/ [索取号:K712/C332] | 在馆 |